Fr. Conceicao Rodrigues College of Engineering

Production Technology (Record no. 31253)

MARC details
000 -LEADER
fixed length control field 00304nam a2200145Ia 4500
082 ## - DEWEY DECIMAL CLASSIFICATION NUMBER
Classification number 670
Item number JAI
100 ## - MAIN ENTRY--PERSONAL NAME
Personal name Jain/R.K
245 ## - TITLE STATEMENT
Title Production Technology
260 ## - PUBLICATION, DISTRIBUTION, ETC.
Name of publisher, distributor, etc. Khanna Publishers
Place of publication, distribution, etc. NewDelhi
Date of publication, distribution, etc. 2001
300 ## - PHYSICAL DESCRIPTION
Extent 1768
546 ## - LANGUAGE NOTE
Language note ENGLISH
654 ## - SUBJECT ADDED ENTRY--FACETED TOPICAL TERMS
Focus term production
942 ## - ADDED ENTRY ELEMENTS (KOHA)
Koha item type BOOK
Holdings
Withdrawn status Lost status Damaged status Not for loan Collection Home library Current library Date acquired Total Checkouts Full call number Barcode Date last seen Price effective from Koha item type
        PT Fr. Agnel's C.Rodrigues College of Engineering Fr. Agnel's C.Rodrigues College of Engineering 17/03/2023   670 JAI PT573 17/03/2023 17/03/2023 BOOK
        PT Fr. Agnel's C.Rodrigues College of Engineering Fr. Agnel's C.Rodrigues College of Engineering 17/03/2023   670 JAI PT574 17/03/2023 17/03/2023 BOOK
        PT Fr. Agnel's C.Rodrigues College of Engineering Fr. Agnel's C.Rodrigues College of Engineering 17/03/2023   670 JAI PT575 17/03/2023 17/03/2023 BOOK
        PT Fr. Agnel's C.Rodrigues College of Engineering Fr. Agnel's C.Rodrigues College of Engineering 17/03/2023   670 JAI PT576 17/03/2023 17/03/2023 BOOK
        PT Fr. Agnel's C.Rodrigues College of Engineering Fr. Agnel's C.Rodrigues College of Engineering 17/03/2023   670 JAI PT577 17/03/2023 17/03/2023 BOOK